000
00252 a2200109 4500
001
157467
040
_c
Escola São Tomás de Aquino
240
1
0
_a
Escritores da ESTA 2021
_l
por
245
1
0
_a
Escritores da ESTA 2021
697
_a
Educação
942
_c
BK
999
_c
157467
_d
157467